000
00253nam a2200109Ia 4500
005
20251222114407.0
008
251222s1900||||xx |||||||||||||| ||spa||
082
_a
DVD0080/L85/2003/Ej.2
245
0
_a
Ojos que no ven
264
_b
Aldea Films
942
_c
DVD
999
_c
1874
_d
1874